000 00593nam a22002057a 4500
999 _c2538
_d2538
003 OSt
005 20210405121152.0
008 151112b xxu||||| |||| 00| 0 eng d
020 _a0727902229
040 _cDDC
082 _a519.4 STA 1989
100 _aEditor Gardner, Martin J.; Altman, Douglas G
_96125
245 _aStatistics With Confidence:
_bconfidence intervals and statistical guidelines
260 _aLondon;
_bBMJ,
_c1989
300 _axvii, 140p;
_bill :
_c24 cm.
504 _aincludes index
650 _aStatistics
_91274
650 _aMathematics
_9810
942 _2ddc
_cSLOAN